[Event "PRO League Pacific 2017"]
[Site "masterchessopen.com chess.com INT"]
[Date "2017.02.01"]
[Round "4"]
[White "Sheng,Joshua"]
[Black "Wheeler,Cameron"]
[Result "1-0"]
[WhiteElo "2372"]
[BlackElo "2398"]

1. e4 e6 2. d4 d5 3. Nd2 Be7 4. Bd3 c5 5. dxc5 Nf6 6. Qe2 O-O 7. Ngf3 a5 8.
O-O Na6 9. e5 Nd7 10. c3 Naxc5 11. Bc2 b6 12. Re1 f6 13. Nb3 Ba6 14. Qe3 Nxb3
15. axb3 Bc5 16. Nd4 fxe5 17. Qh3 Qf6 18. Qxh7+ Kf7 19. Qh5+ g6 20. Qh7+ Ke8
21. Bxg6+ Rf7 22. Bg5 Qxf2+ 23. Kh1 Nf8 24. Qxf7+ Qxf7 25. Bxf7+ Kxf7 26. Rxe5
Ng6 27. Ree1 e5 28. Nc6 Rh8 29. Nxe5+ Nxe5 30. Rxe5 Bd6 31. Rf5+ Ke6 32. Rf6+
Kd7 33. h3 Be7 34. Rf7 {#r} 1-0

[Event "TCh-HUN 2016-17"]
[Site "masterchessopen.com Hungary HUN"]
[Date "2017.01.29"]
[Round "5.6"]
[White "Petenyi,T"]
[Black "Hoang Thanh Trang"]
[Result "1-0"]
[WhiteElo "2437"]
[BlackElo "2470"]

1. e4 e6 2. d4 d5 3. Nd2 Be7 4. Ngf3 Nf6 5. e5 Nfd7 6. Bd3 c5 7. c3 b6 8. O-O
Ba6 9. Bxa6 Nxa6 10. Re1 cxd4 11. Nxd4 Qc7 12. Qg4 Nxe5 13. Qxg7 Ng6 14. N2f3
Bf8 15. Nxe6 fxe6 16. Rxe6+ Kd8 17. Qd4 Qc5 18. Qa4 Nc7 19. Bg5+ Kc8 20. Rc6
Qa5 21. Qg4+ Kb7 22. Qd7 Rc8 23. Bd8 Bd6 24. Qxd6 Rhxd8 25. Rxc7+ Rxc7 26.
Qxd8 Nf4 27. Nd4 Qc5 28. Qf6 Nd3 29. Ne6 Qe7 30. Qf5 Rd7 31. Nf8 Rd8 32. Qxd3
{#r} 1-0

[Event "Dutch League 2016-17"]
[Site "masterchessopen.com Netherlands NED"]
[Date "2017.02.04"]
[Round "6.7"]
[White "Brandenburg,D"]
[Black "Kuijf,R"]
[Result "0-1"]
[WhiteElo "2506"]
[BlackElo "2381"]

1. e4 e6 2. d4 d5 3. Nd2 a6 4. c3 c5 5. exd5 exd5 6. Ngf3 Nc6 7. dxc5 Bxc5 8.
Nb3 Bb6 9. Bg5 Nf6 10. Bh4 h6 11. Be2 g5 12. Bg3 Ne4 13. Nfd4 O-O 14. Qd3 Qf6
15. h4 g4 16. h5 Ne5 17. Qe3 Nc4 18. Qf4 Nxb2 19. Qxf6 Nxf6 20. f3 Re8 21. Kf1
Nc4 22. Bf4 Kg7 23. Rb1 Bd7 24. Na1 Bxd4 25. cxd4 Bb5 26. Re1 Ne3+ 27. Bxe3
Rxe3 28. Bxb5 Rxe1+ 29. Kxe1 axb5 30. Nc2 Rxa2 31. Kd2 b4 32. Rb1 g3 33. Rxb4
Nxh5 34. Rxb7 Nf4 35. Rb1 h5 36. Rg1 Kg6 37. Kd1 h4 38. Ne1 Kg5 39. Nc2 f6 40.
Kd2 Rb2 41. Kc3 Ne2+ 42. Kxb2 Nxg1 43. Kc3 Nxf3 44. Ne3 Ne1 45. Kd2 Nxg2 {#R}
0-1

[Event "ITT Rosario 1 2017"]
[Site "masterchessopen.com Rosario ARG"]
[Date "2017.01.31"]
[Round "4.3"]
[White "Di Giannantonio,N"]
[Black "Contin,D"]
[Result "1-0"]
[WhiteElo "2341"]
[BlackElo "2231"]

1. e4 e6 2. d4 d5 3. Nd2 Nc6 4. Ngf3 Nf6 5. e5 Nd7 6. Bd3 f6 7. exf6 Qxf6 8.
Nf1 e5 9. Ne3 Nb6 10. dxe5 Nxe5 11. Nxe5 Qxe5 12. O-O Bd6 13. f4 Qf6 14. Ng4
Bxg4 15. Qxg4 O-O 16. Kh1 Rae8 17. a4 Re7 18. a5 Nd7 19. Qh5 g5 20. Bd2 Ref7
21. Rf3 Nc5 22. Bc3 d4 23. fxg5 Qg7 24. Bc4 dxc3 25. Raf1 Qg6 26. Rxf7 Qxh5
27. Rxf8+ Kg7 28. Rg8# 1-0

[Event "22nd HIT Open 2017"]
[Site "masterchessopen.com Nova Gorica SLO"]
[Date "2017.01.29"]
[Round "5.15"]
[White "Kejzar,Petra"]
[Black "Unuk,Laura"]
[Result "0-1"]
[WhiteElo "2050"]
[BlackElo "2241"]

1. e4 e6 2. d4 d5 3. Nd2 Nf6 4. e5 Nfd7 5. Ngf3 c5 6. c3 b6 7. Bd3 Ba6 8. Bxa6
Nxa6 9. Qe2 Qc8 10. O-O Be7 11. Re1 O-O 12. Nf1 cxd4 13. Nxd4 Nac5 14. Ng3 Qa6
15. Nc6 Bd8 16. Qxa6 Nxa6 17. Nxd8 Rfxd8 18. Bg5 f6 19. exf6 gxf6 20. Bh4 Kf7
21. Re3 Rg8 22. Ne2 Nac5 23. Rd1 Ne5 24. Nd4 h5 25. b4 Ne4 26. f3 Nc4 27. Ree1
Nxc3 28. Rd3 Nxa2 29. Rxe6 Rg6 30. f4 Nxb4 31. Rg3 Rh6 32. Bg5 h4 33. Rb3 Rg6
34. f5 Rxg5 35. Rxb4 Rxf5 36. Nxf5 Kxe6 37. Nxh4 a5 38. Rb1 a4 39. Nf3 a3 {#R}
0-1

[Event "Dutch League 2016-17"]
[Site "masterchessopen.com Netherlands NED"]
[Date "2017.02.04"]
[Round "6.8"]
[White "Kerigan,D"]
[Black "Canedo jr,Jesus"]
[Result "1-0"]
[WhiteElo "2367"]
[BlackElo "2136"]

1. e4 e6 2. d4 d5 3. Nd2 Nf6 4. e5 Nfd7 5. Bd3 c5 6. c3 Nc6 7. Ngf3 g6 8. h4
h6 9. Nf1 Qb6 10. Be2 cxd4 11. cxd4 Bb4+ 12. Bd2 Nxd4 13. N1h2 Nxf3+ 14. Nxf3
Nc5 15. O-O Bd7 16. Be3 Ba4 17. b3 Bb5 18. a3 Qa6 19. Bxb5+ Qxb5 20. axb4 Qxb4
21. Qc2 b6 22. Rfc1 Qxb3 23. Bxc5 Qxc2 24. Rxc2 bxc5 25. Rxc5 O-O 26. Ra6 Rfc8
27. Rxc8+ Rxc8 28. Rxa7 Rc2 29. g3 Rc4 30. Nh2 Rc1+ 31. Kg2 Rc2 32. Ng4 Kg7
33. Ra8 h5 34. Nf6 Re2 35. Ne8+ Kh7 36. Nd6 Rxe5 37. Nxf7 Re2 38. Kf1 {#r} 1-0

[Event "22nd HIT Open 2017"]
[Site "masterchessopen.com Nova Gorica SLO"]
[Date "2017.02.02"]
[Round "9.6"]
[White "Plenca,Jadranko"]
[Black "Dobrovoljc,Vid"]
[Result "1-0"]
[WhiteElo "2424"]
[BlackElo "2297"]

1. e4 e6 2. d4 d5 3. Nd2 Nf6 4. e5 Nfd7 5. Bd3 c5 6. c3 Nc6 7. Ne2 cxd4 8.
cxd4 f6 9. exf6 Nxf6 10. Nf3 Bd6 11. O-O Qc7 12. Bd2 O-O 13. Rc1 Bd7 14. Ng3
Rae8 15. Re1 Qb8 16. Bc3 e5 17. dxe5 Nxe5 18. Be2 Neg4 19. Bd4 Bc6 20. Qb3 Kh8
21. Bb5 Bxb5 22. Qxb5 a6 23. Qb3 Bf4 24. Rcd1 Rf7 25. Rxe8+ Qxe8 26. h3 Ne5
27. Bxe5 Bxe5 28. Re1 Re7 29. Nf5 Bh2+ 30. Kxh2 Rxe1 31. Qxb7 {#r} 1-0

[Event "PRO League Pacific 2017"]
[Site "masterchessopen.com chess.com INT"]
[Date "2017.02.01"]
[Round "4"]
[White "Zherebukh,Y"]
[Black "Raptis,N"]
[Result "1-0"]
[WhiteElo "2617"]
[BlackElo "2262"]

1. e4 e6 2. d4 d5 3. Nd2 Nf6 4. e5 Nfd7 5. Bd3 c5 6. c3 Nc6 7. Ne2 cxd4 8.
cxd4 f6 9. exf6 Nxf6 10. Nf3 Bd6 11. O-O O-O 12. Bf4 Bxf4 13. Nxf4 Ne4 14. Qc1
Ng5 15. Nxg5 Qxg5 16. Bxh7+ Kxh7 17. Nxe6 Qf6 18. Nxf8+ Qxf8 19. Qd2 Qf6 20.
Rad1 Bf5 21. Rfe1 Rf8 22. f3 Rf7 23. a3 a6 24. Re3 Re7 25. Rxe7 Nxe7 26. Qe3
Nc6 27. Qf4 Qg6 28. g4 Bd3 29. Kf2 Bc2 30. Rd2 Na5 31. h4 Nb3 32. h5 Qc6 33.
Re2 Qc4 34. g5 Qxd4+ 35. Qxd4 Nxd4 36. Rd2 Nxf3 37. Kxf3 Be4+ 38. Kf4 a5 39.
Ke5 Bf3 40. Rh2 a4 41. Rh4 Kg8 42. Rxa4 Bxh5 43. Rb4 {#r} 1-0

[Event "PRO League Pacific 2017"]
[Site "masterchessopen.com chess.com INT"]
[Date "2017.02.01"]
[Round "4"]
[White "Petesch,Gabriel N"]
[Black "Grabinsky,Aaron"]
[Result "1-0"]
[WhiteElo "2260"]
[BlackElo "2380"]

1. e4 e6 2. d4 d5 3. Nd2 Nf6 4. Bd3 c5 5. e5 Nfd7 6. c3 Nc6 7. Ne2 cxd4 8.
cxd4 f6 9. exf6 Nxf6 10. O-O Bd6 11. Nf3 Qc7 12. Bg5 O-O 13. Bh4 Nh5 14. Qc2
h6 15. Bh7+ Kh8 16. Bg6 Rxf3 17. gxf3 Bxh2+ 18. Kg2 Nf4+ 19. Nxf4 Qxf4 20. Bg3
Bxg3 21. fxg3 Qf6 22. Bd3 Nxd4 23. Qc5 Bd7 24. Rae1 e5 25. Qc7 Qe6 26. Qxe5
Qh3+ 27. Kg1 Rf8 28. Rf2 Nc6 29. Qd6 Rf6 30. Qc7 Bf5 31. Rh2 Qxh2+ 32. Kxh2
Bxd3 33. Rd1 Be2 34. Rxd5 Bxf3 35. Rf5 Be4 36. Rxf6 gxf6 37. Qc8+ Kg7 38.
Qxb7+ Kg6 39. g4 h5 40. gxh5+ Kxh5 41. Kg3 Kg5 42. b4 f5 43. Qg7+ Kh5 44. Kf4
Kh4 45. Qg5+ Kh3 46. Qg3# 1-0

[Event "PRO League Pacific 2017"]
[Site "masterchessopen.com chess.com INT"]
[Date "2017.02.01"]
[Round "4"]
[White "Zierk,S"]
[Black "Orlov,G"]
[Result "1-0"]
[WhiteElo "2493"]
[BlackElo "2475"]

1. e4 e6 2. d4 d5 3. Nd2 Nf6 4. e5 Nfd7 5. Bd3 c5 6. c3 Nc6 7. Ne2 cxd4 8.
cxd4 f6 9. exf6 Nxf6 10. Nf3 Qc7 11. Bf4 Bb4+ 12. Bd2 Bd6 13. O-O O-O 14. Ng3
Bd7 15. Re1 Rae8 16. a3 e5 17. dxe5 Nxe5 18. Nxe5 Bxe5 19. Rc1 Qb6 20. Be3
Qxb2 21. Re2 Qxa3 22. Bc5 Qa5 23. Bxf8 Kxf8 24. Qc2 g6 25. Rb1 Bc6 26. Qc1 Qc7
27. Qa3+ Kg7 28. Qxa7 Qf7 29. Rbe1 Bd6 30. Rxe8 Bxe8 31. Qb6 Bc6 32. Qd4 Qf8
33. Re2 Bc5 34. Qf4 Bd6 35. Qg5 Bd7 36. h4 Qb8 37. h5 Bf4 38. Re7+ {#r} 1-0

[Event "Gibraltar Masters 2017"]
[Site "masterchessopen.com Caleta ENG"]
[Date "2017.01.31"]
[Round "8.70"]
[White "Paehtz,T sr"]
[Black "Tscharotschkin,M"]
[Result "1-0"]
[WhiteElo "2365"]
[BlackElo "2190"]

1. e4 e6 2. d4 d5 3. Nd2 c5 4. Ngf3 cxd4 5. exd5 Qxd5 6. Bc4 Qd8 7. O-O Nf6 8.
Nb3 Be7 9. Nbxd4 a6 10. Bf4 O-O 11. Qe2 Nd5 12. Bg3 b5 13. Bb3 Bb7 14. Nxe6
fxe6 15. Qxe6+ Kh8 16. Rad1 Nd7 17. Bxd5 Nc5 18. Qe5 Bf6 19. Qe3 Qc8 20. Ne5
Bxd5 21. Rxd5 Ne6 22. Nd7 Re8 23. Nxf6 gxf6 24. Qh6 Ng7 25. Bh4 Ra7 26. Bxf6
Rf7 27. Rg5 Qc7 28. h3 {#r} 1-0

[Event "Gibraltar Masters 2017"]
[Site "masterchessopen.com Caleta ENG"]
[Date "2017.02.01"]
[Round "9.26"]
[White "Istratescu,A"]
[Black "Cheng,Bo"]
[Result "1-0"]
[WhiteElo "2593"]
[BlackElo "2452"]

1. e4 e6 2. d4 d5 3. Nd2 c5 4. exd5 Qxd5 5. Ngf3 cxd4 6. Bc4 Qd6 7. O-O Nf6 8.
Nb3 Nc6 9. Nbxd4 Nxd4 10. Nxd4 Be7 11. b3 O-O 12. Bb2 Qf4 13. Qe2 Bd7 14. Rad1
Rad8 15. Rd3 Bd6 16. g3 Qg4 17. Rfd1 e5 18. Qxg4 Bxg4 19. Nf3 Be7 20. Rxd8
Bxd8 21. Be2 e4 22. Nd4 Bb6 23. Bxg4 Nxg4 24. h3 Ne5 25. Nf5 Re8 26. Kf1 Re6
27. Rd5 Nc6 28. Nxg7 Nb4 29. Rd7 Rc6 30. Rxb7 h6 31. c4 Rd6 32. Nf5 Rd1+ 33.
Ke2 Rb1 34. Rb8+ Kh7 35. Rh8+ Kg6 36. Nh4+ Kg5 37. Rg8+ Kh5 38. Bf6 {#r} 1-0

[Event "Gibraltar Masters 2017"]
[Site "masterchessopen.com Caleta ENG"]
[Date "2017.01.31"]
[Round "8.69"]
[White "Weisbuch,U"]
[Black "Thavandiran,S"]
[Result "0-1"]
[WhiteElo "2240"]
[BlackElo "2367"]

1. e4 e6 2. d4 d5 3. Nd2 c5 4. Ngf3 Nc6 5. exd5 exd5 6. Be2 Nf6 7. O-O Be7 8.
dxc5 Bxc5 9. Nb3 Be7 10. Bg5 O-O 11. h3 Be6 12. c3 Ne4 13. Bxe7 Qxe7 14. Bd3
Rfe8 15. Re1 Rad8 16. Qe2 Bc8 17. Rad1 Qf6 18. Nbd4 Bd7 19. Qc2 Ng5 20. Nxg5
Qxg5 21. Nf3 Qh5 22. Be2 Bc8 23. Rd2 Rd6 24. Red1 Bxh3 25. gxh3 Rh6 26. Bf1
Qxf3 27. Bg2 Qf4 28. Rxd5 Rf6 29. Rd7 g6 30. Rxb7 Qh4 31. Rbd7 Re5 32. R7d5
Rff5 33. Rd6 Rg5 34. f4 Qxf4 35. Rxc6 Rxg2+ 36. Qxg2 Rg5 37. Rcd6 Qe3+ 38. Kh1
Rxg2 39. Kxg2 Qe2+ 40. Kg3 Qxb2 41. R1d3 Qxa2 42. R6d4 a5 43. c4 Qe2 44. Kf4
a4 45. Ra3 g5+ 46. Kf5 Qe6+ {#R} 0-1

[Event "Gibraltar Masters 2017"]
[Site "masterchessopen.com Caleta ENG"]
[Date "2017.02.01"]
[Round "9.87"]
[White "Kandic,Mila"]
[Black "Cordes,HJ"]
[Result "1-0"]
[WhiteElo "2061"]
[BlackElo "2242"]

1. e4 e6 2. d4 d5 3. Nc3 h6 4. Bd3 Bb4 5. a3 Bxc3+ 6. bxc3 c5 7. e5 Qa5 8. Bd2
Ne7 9. Nf3 Nbc6 10. c4 Qc7 11. cxd5 exd5 12. c3 Bf5 13. Qc2 Bg4 14. Be2 Rc8
15. Qa4 O-O 16. O-O Qd7 17. dxc5 Nxe5 18. Bb5 N5c6 19. Ne5 {#r} 1-0

[Event "ch-MDA 2017"]
[Site "masterchessopen.com Chisinau MDA"]
[Date "2017.02.03"]
[Round "7.2"]
[White "Vedmediuc,S"]
[Black "Hamitevici,V"]
[Result "1-0"]
[WhiteElo "2461"]
[BlackElo "2479"]

1. e4 e6 2. d4 d5 3. Nc3 Nc6 4. Nf3 Nf6 5. Bg5 Be7 6. exd5 exd5 7. h3 O-O 8.
Bd3 Nb4 9. O-O Nxd3 10. Qxd3 Kh8 11. Rfe1 Ng8 12. Bxe7 Nxe7 13. Re2 c6 14.
Rae1 Ng6 15. Ne5 Be6 16. Nxg6+ hxg6 17. Na4 b6 18. Nc3 Qd6 19. a3 c5 20. Qd2
Rfd8 21. Qg5 Kg8 22. Rd2 Rac8 23. dxc5 Qxc5 24. Red1 d4 25. Ne4 Rd5 26. Nxc5
Rxg5 27. Ne4 Re5 28. Rxd4 Bf5 29. Rc4 Rce8 30. Nd6 Rd8 31. Rd2 Re1+ 32. Kh2
Re6 33. Rc8 Rxc8 34. Nxc8 a5 35. g4 Be4 36. Rd8+ Kh7 37. Nd6 Re7 38. Nxe4 Rxe4
39. Kg3 Re6 40. Rc8 g5 41. b4 axb4 42. axb4 Kg6 43. b5 Kf6 44. Rc7 Rd6 45. Kf3
Ke6 46. Ke4 g6 47. Rc6 f5+ 48. gxf5+ gxf5+ 49. Ke3 {#r} 1-0

[Event "13th Moscow Open A 2017"]
[Site "masterchessopen.com Moscow RUS"]
[Date "2017.02.03"]
[Round "7.10"]
[White "Lomasov,Semen"]
[Black "Paravyan,D"]
[Result "1-0"]
[WhiteElo "2441"]
[BlackElo "2540"]

1. e4 e6 2. d4 d5 3. Nc3 Nf6 4. e5 Nfd7 5. f4 c5 6. Nf3 Nc6 7. Be3 a6 8. Qd2
b5 9. Bd3 b4 10. Na4 c4 11. Be2 c3 12. Qd1 cxb2 13. Nxb2 Be7 14. O-O O-O 15.
Kh1 Nb6 16. g4 Na5 17. Qe1 Nac4 18. Nd1 f6 19. Bd3 fxe5 20. fxe5 Bd7 21. Qg3
Be8 22. Qh3 Bg6 23. Bxg6 hxg6 24. g5 Qd7 25. Rg1 Rxf3 26. Qxf3 Rf8 27. Qh3 Qc6
28. Rg4 Rf4 29. Bxf4 Qa4 30. Qd3 Kf7 31. Kg2 a5 32. Nf2 Na3 33. Rc1 Nb5 34.
Nh1 Nc4 35. Ng3 Nc3 36. h4 Qxa2 37. h5 gxh5 38. Nf5 hxg4 39. g6+ Kf8 40. Nxg7
Kxg7 {#r} 1-0

[Event "13th Moscow Open B w 2017"]
[Site "masterchessopen.com Moscow RUS"]
[Date "2017.01.31"]
[Round "4.3"]
[White "Babiy,Olga"]
[Black "Kashlinskaya,A"]
[Result "1-0"]
[WhiteElo "2315"]
[BlackElo "2418"]

1. e4 e6 2. d4 d5 3. Nc3 Nf6 4. e5 Nfd7 5. f4 c5 6. Nf3 Be7 7. Be3 b6 8. Qd2
O-O 9. Be2 Nc6 10. Nd1 a5 11. c3 Ba6 12. O-O Bxe2 13. Qxe2 a4 14. Bf2 Qc8 15.
f5 b5 16. Ne3 b4 17. Rac1 Qa6 18. Qe1 a3 19. b3 bxc3 20. Bh4 Bxh4 21. Qxh4 Qd3
22. Ng4 Qxf5 23. Rxc3 Qg6 24. dxc5 d4 25. Rc4 h5 26. Nxd4 Na5 27. Rc3 hxg4 28.
b4 Qe4 29. Rd1 Nc6 30. Rh3 {#r} 1-0

[Event "Mayors Cup Yerevan KO"]
[Site "masterchessopen.com Yerevan ARM"]
[Date "2017.01.31"]
[Round "1.3"]
[White "Grigoryan,K2"]
[Black "Hakobyan,Aram"]
[Result "1-0"]
[WhiteElo "2571"]
[BlackElo "2422"]

1. e4 e6 2. d4 d5 3. Nc3 Nf6 4. Bg5 dxe4 5. Nxe4 Nbd7 6. Nf3 h6 7. Nxf6+ Nxf6
8. Be3 Be7 9. Bd3 b6 10. Qe2 Bb7 11. O-O-O O-O 12. Ne5 Nd5 13. Bd2 Bg5 14. Kb1
Bxd2 15. Qxd2 c5 16. dxc5 bxc5 17. f4 Rb8 18. a3 Qc7 19. c4 Nf6 20. Qe2 Rfd8
21. Rhf1 Rd4 22. g4 Ne4 23. Ka1 Rbd8 24. Nf3 R4d6 25. g5 hxg5 26. fxg5 f5 27.
gxf6 Nxf6 28. Ne5 Be4 29. Rxf6 Bxd3 30. Nxd3 gxf6 31. Rg1+ Kf8 32. Nf4 Rd1+
33. Rxd1 Rxd1+ 34. Qxd1 Qxf4 35. Qd8+ Kg7 36. Qe7+ Kg6 37. Qxc5 e5 38. Qg1+
Kh6 39. c5 e4 40. c6 e3 41. c7 e2 42. c8=Q Qf1+ 43. Qc1+ {#r} 1-0

[Event "PRO League Central 2017"]
[Site "masterchessopen.com chess.com INT"]
[Date "2017.02.01"]
[Round "4"]
[White "Juhasz,Ba"]
[Black "Tan,Ju2"]
[Result "1-0"]
[WhiteElo "2179"]
[BlackElo "2451"]

1. e4 e6 2. d4 d5 3. Nc3 Nf6 4. Bg5 dxe4 5. Nxe4 Be7 6. Bxf6 Bxf6 7. Nxf6+
Qxf6 8. Nf3 O-O 9. Bd3 Nd7 10. O-O b6 11. Be4 Rb8 12. Bc6 Rd8 13. Qe2 Qf4 14.
Rad1 Bb7 15. Bxb7 Rxb7 16. Qa6 Rbb8 17. Qxa7 Ra8 18. Qb7 Rxa2 19. d5 Nc5 20.
Qc6 Qd6 21. dxe6 Qxd1 22. e7 Ne6 23. e8=Q+ Nf8 24. Rxd1 Rxd1+ 25. Ne1 Raa1 26.
Kf1 g6 27. Qxc7 {#r} 1-0

[Event "PRO League Central 2017"]
[Site "masterchessopen.com chess.com INT"]
[Date "2017.02.01"]
[Round "4"]
[White "Thorhallsson,T"]
[Black "Roberson,P"]
[Result "1-0"]
[WhiteElo "2414"]
[BlackElo "2401"]

1. e4 e6 2. d4 d5 3. Nc3 Nf6 4. e5 Nfd7 5. f4 c5 6. Nf3 Nc6 7. Be3 a6 8. Qd2
Be7 9. Be2 b5 10. a3 O-O 11. O-O Qc7 12. Kh1 Bb7 13. dxc5 Nxc5 14. Bxc5 Bxc5
15. Bd3 f6 16. exf6 Rxf6 17. f5 Nd4 18. fxe6 Nxe6 19. Rae1 h6 20. Nh4 Raf8 21.
Ng6 Rxf1+ 22. Bxf1 Rf2 23. Qd3 Qf7 24. Ne5 Qh5 25. Nxd5 Rxf1+ 26. Rxf1 Qxe5
27. Rf5 Qxb2 28. h3 Qxa3 29. Qe2 Bxd5 30. Rxd5 Qa1+ 31. Rd1 Qf6 32. Qe4 Ng5
33. Qd5+ Ne6 34. Re1 Kf7 35. Qb7+ Be7 36. Qxa6 Nd4 37. Qb7 Nxc2 38. Qd5+ Kf8
39. Qa8+ Bd8 40. Rd1 Nd4 41. Qd5 Ne6 42. Qxb5 Be7 43. Rf1 Nf4 44. Qb8+ {#r}
1-0

[Event "PRO League Pacific 2017"]
[Site "masterchessopen.com chess.com INT"]
[Date "2017.02.01"]
[Round "4"]
[White "Shabalov,A"]
[Black "Nyzhnyk,I"]
[Result "0-1"]
[WhiteElo "2563"]
[BlackElo "2616"]

1. e4 e6 2. d4 d5 3. Nc3 Nf6 4. e5 Nfd7 5. f4 c5 6. Nf3 Nc6 7. Be3 Be7 8. Qd2
O-O 9. dxc5 Bxc5 10. O-O-O Qa5 11. a3 a6 12. Kb1 Bxe3 13. Qxe3 b5 14. Bd3 h6
15. Nd4 Bb7 16. Nce2 b4 17. a4 Qxa4 18. g4 b3 19. cxb3 Qa5 20. g5 Nb4 21. Nc3
Rac8 22. gxh6 Rxc3 23. bxc3 Qa2+ 24. Kc1 Rc8 25. Bb1 Qa3+ 26. Kd2 Qb2+ 27. Nc2
d4 28. Qxd4 Nxc2 29. Bxc2 Nc5 30. Rb1 Nxb3+ {#R} 0-1

[Event "TCh-HUN 2016-17"]
[Site "masterchessopen.com Hungary HUN"]
[Date "2017.01.29"]
[Round "5.8"]
[White "Konnyu,J"]
[Black "Horvath,Gy1"]
[Result "1-0"]
[WhiteElo "2339"]
[BlackElo "2335"]

1. e4 e6 2. d4 d5 3. Nc3 Nf6 4. Bg5 dxe4 5. Nxe4 Nbd7 6. Bd3 Be7 7. Bxf6 gxf6
8. Qe2 b6 9. O-O-O Bb7 10. Ba6 Qc8 11. Bxb7 Qxb7 12. f4 O-O-O 13. Nf3 Rhe8 14.
Rhe1 Bb4 15. Qc4 a5 16. c3 Bf8 17. d5 b5 18. Qc6 h6 19. Qxb7+ Kxb7 20. dxe6
fxe6 21. Rxd7 Rxd7 22. Nxf6 Red8 23. Nxd7 Rxd7 24. Nd4 b4 25. Nxe6 Bd6 26.
cxb4 Bxb4 27. Re4 {#r} 1-0

[Event "Gibraltar Masters 2017"]
[Site "masterchessopen.com Caleta ENG"]
[Date "2017.02.01"]
[Round "9.70"]
[White "Damia,A"]
[Black "Jessel,S"]
[Result "0-1"]
[WhiteElo "2233"]
[BlackElo "2382"]

1. e4 e6 2. d4 d5 3. Nc3 Nf6 4. Bg5 Bb4 5. exd5 Qxd5 6. Bxf6 Bxc3+ 7. bxc3
gxf6 8. Qf3 Qxf3 9. Nxf3 b6 10. g3 Bb7 11. Bg2 Nc6 12. O-O-O Na5 13. Nh4 O-O-O
14. f4 Nc4 15. Rhe1 Bxg2 16. Nxg2 Rd5 17. Ne3 Nxe3 18. Rxe3 c5 19. c4 Rxd4 20.
Rxd4 cxd4 21. Re4 Rd8 22. f5 e5 23. Rh4 Kd7 24. Kd2 Rc8 25. Rxh7 Ke7 26. Kd3
Rc5 27. Rh8 Ra5 28. Rg8 Ra3+ 29. Kd2 Rxa2 30. h4 Ra1 31. h5 Rh1 32. g4 e4 33.
Ra8 e3+ 34. Ke2 Rh2+ 35. Kd1 Rd2+ 36. Kc1 Rg2 37. h6 Rg1+ 38. Kb2 e2 39. Rxa7+
{#R} 0-1

[Event "Gibraltar Masters 2017"]
[Site "masterchessopen.com Caleta ENG"]
[Date "2017.02.01"]
[Round "9.71"]
[White "Nomin-Erdene,Davaademberel"]
[Black "Finsterwalder,S"]
[Result "1-0"]
[WhiteElo "2378"]
[BlackElo "2130"]

1. e4 e6 2. d4 d5 3. Nc3 Nf6 4. Bg5 Bb4 5. e5 h6 6. exf6 hxg5 7. fxg7 Rg8 8.
Qd3 Qf6 9. a3 Bd6 10. Nb5 Nc6 11. Ne2 Bd7 12. Nxd6+ cxd6 13. f3 O-O-O 14.
O-O-O Qxg7 15. g3 Kb8 16. Bg2 Ne7 17. f4 Rc8 18. Rd2 a6 19. fxg5 Bb5 20. Qf3
Bxe2 21. Qxe2 Qxg5 22. Kb1 Nf5 23. Rd3 Qg6 24. Ka1 Nxd4 25. Rxd4 Rxc2 26. Rd2
Rgc8 27. Rxc2 Rxc2 28. Qf3 Qg7 29. Rb1 Qd4 30. Bf1 Rxh2 31. Qxf7 e5 32. g4 Rf2
33. Qe7 Qf4 34. Qxd6+ Ka8 35. Bxa6 bxa6 36. Qxa6+ Kb8 37. Rh1 Rh2 38. Qb6+ Ka8
39. Qc6+ Ka7 40. Qc7+ Ka6 41. Rc1 Rh6 42. Qc8+ Kb6 43. Rc7 Qd4 44. Ka2 e4 45.
Rb7+ {#r} 1-0

[Event "Gibraltar Masters 2017"]
[Site "masterchessopen.com Caleta ENG"]
[Date "2017.01.30"]
[Round "7.82"]
[White "Wantiez,F"]
[Black "Herzwurm,R"]
[Result "0-1"]
[WhiteElo "2312"]
[BlackElo "2143"]

1. e4 e6 2. d4 d5 3. Nc3 Bb4 4. Bd3 c5 5. exd5 exd5 6. dxc5 Nc6 7. a3 Bxc5 8.
Nf3 Nge7 9. O-O Bg4 10. h3 Bh5 11. Re1 Qd7 12. Bf4 O-O-O 13. Nb5 g5 14. Bh2 g4
15. Rxe7 Nxe7 16. Ne5 Qe6 17. b4 Bb6 18. c4 g3 19. Qxh5 gxh2+ 20. Kh1 dxc4 21.
Bxc4 Qf5 22. Qxf5+ Nxf5 23. Nxf7 Kb8 24. Nxh8 Bxf2 25. Nf7 Bg1 26. Rxg1
hxg1=Q+ 27. Kxg1 Rd1+ 28. Kh2 a6 29. Be6 Ne3 30. Nc3 Rd3 31. Ne4 Rxa3 32. Nc5
Nc2 33. b5 axb5 34. Nd6 Nd4 35. Bg8 h6 36. g4 b4 37. Nc4 Rc3 38. Ne4 Rc2+ 39.
Kg3 b3 40. Ned2 b5 41. Na5 Rxd2 {#R} 0-1

[Event "Gibraltar Masters 2017"]
[Site "masterchessopen.com Caleta ENG"]
[Date "2017.01.31"]
[Round "8.78"]
[White "Herbold,M"]
[Black "Guerra Rivera,Salvador"]
[Result "0-1"]
[WhiteElo "2198"]
[BlackElo "2389"]

1. e4 e6 2. d4 d5 3. Nc3 Bb4 4. a3 Bxc3+ 5. bxc3 dxe4 6. f3 c5 7. Qd2 Nf6 8.
Bb2 O-O 9. O-O-O Nc6 10. fxe4 Nxe4 11. Qe1 Qg5+ 12. Kb1 Nf6 13. Nf3 Qd5 14. c4
Qe4 15. Qf2 cxd4 16. Bd3 Qf4 17. Rde1 h6 18. Bc1 Qd6 19. g4 Nxg4 20. Qg2 e5
21. h3 Ne3 22. Rxe3 dxe3 23. Rg1 Qf6 24. Bxe3 Kh8 25. Ng5 hxg5 26. Bxg5 Qe6
27. Bc1 g6 28. Qg5 Ne7 29. Bb2 Nf5 30. Bxf5 Qxf5 31. Bxe5+ Kg8 32. h4 Qxg5 33.
hxg5 Bh3 34. Rg3 f6 35. gxf6 Bf5 {#R} 0-1

[Event "Turkish Cup 2017"]
[Site "masterchessopen.com Antalya TUR"]
[Date "2017.01.30"]
[Round "4.9"]
[White "Eminov,O"]
[Black "Soyek,R"]
[Result "1-0"]
[WhiteElo "2203"]
[BlackElo "2027"]

1. e4 e6 2. d4 d5 3. Nc3 Bb4 4. Nge2 dxe4 5. a3 Be7 6. Nxe4 Nf6 7. N2c3 O-O 8.
Be2 Nc6 9. Be3 Nxe4 10. Nxe4 f5 11. Nc3 f4 12. Bd2 Nxd4 13. Bd3 f3 14. Be4 e5
15. Bxf3 Nxf3+ 16. gxf3 Bh3 17. Rg1 Bh4 18. Qe2 Kh8 19. O-O-O Qf6 20. Nd5 Qf5
21. Bc3 c6 22. Bxe5 Bg5+ 23. f4 Bh6 24. Ne3 Qf7 25. Qf3 Be6 26. Qg3 Rae8 27.
Kb1 Bc8 28. Rd6 Re6 29. Rxe6 Bxe6 30. Qh4 Bxf4 31. Bxg7+ Qxg7 32. Rxg7 Kxg7
33. Qe7+ Bf7 34. Nf5+ Kg8 35. b3 Re8 36. Qf6 Re1+ 37. Ka2 Be5 38. Nh6+ {#r}
1-0

[Event "TCh-LTU 2017"]
[Site "masterchessopen.com Lithuania LTU"]
[Date "2017.01.28"]
[Round "1.6"]
[White "Narmontas,R"]
[Black "Kalvaitis,S"]
[Result "1-0"]
[WhiteElo "2001"]
[BlackElo "2284"]

1. e4 e6 2. d4 d5 3. Nc3 Bb4 4. a3 Bxc3+ 5. bxc3 dxe4 6. Qg4 Nf6 7. Qxg7 Rg8
8. Qh6 Rg6 9. Qh4 Qd6 10. Bg5 Nbd7 11. Ne2 h6 12. Bd2 b6 13. h3 Bb7 14. Nf4
Rg8 15. a4 O-O-O 16. a5 e5 17. Ne2 Nf8 18. axb6 axb6 19. Be3 Ng6 20. Qg3 Kb8
21. Qh2 Nd5 22. h4 f6 23. g3 Nxc3 24. Nxc3 Qb4 25. Bd2 exd4 26. Na4 Qe7 27.
Bg2 e3 28. fxe3 dxe3 29. Bc3 Rd2 30. Bxd2 exd2+ 31. Kxd2 Rd8+ 32. Kc1 Qe3+ 33.
Kb1 Rd2 34. Qg1 Qxg1+ 35. Rxg1 Bxg2 36. Kc1 Rf2 37. Nc3 Ne5 38. Nd1 Re2 39.
Nc3 Rf2 40. Ra4 Bh3 41. Rf4 Rh2 42. Rxf6 h5 43. Re1 Nc4 44. Ne4 Nd6 45. Nxd6
cxd6 46. Rf7 {#r} 1-0